Same but different #12 - Statistics

General Stats
  • This quiz has been taken 26 times
  • The average score is 10 of 15
Answer Stats
Clues Answer % Correct
Video game or floating ring above an angel Halo
95%
Entrepreneurism, or the Starship in Star Trek Enterprise
86%
Leader of a school, master, or mistress, or, the frothy bit, on top of a pint Head
86%
A book of the Bible, or another word for occupation Job
81%
Make of lock, or, prestigious US University Yale
81%
The study of elements, reactions, chemicals, or, the perfect compatability of two soulmates, perhaps?! Chemistry
76%
The large beak of a bird, or, dreaded mail, usually in brown envelopes! Bill
67%
When a teacher is vexed, or a croix in French Cross
67%
The storyline in a film or play, or a conspiracy maybe? Plot
67%
Partner of burdock, in a carbonated drink, or, yellow wildflower/weed Dandelion
62%
Defective, also the brand of beer, (fictional) seen in the Simpsons Duff
62%
First name of comic Wise, partner of Eric Morecombe, but also the premium bond RNG Ernie
52%
Type of tomato, or, shade of red Cherry
43%
Pine for someone, or, key change device on a guitar Fret
43%
You do this, to tax, for example, or capture Evade
10%
No matching quizzes found
Score Distribution
Percent of People with Each Score
Percentile by Number Answered
Your Score History
You have not taken this quiz